Teórie kapitálu a úroku a mechanizmus fungovania kapitálového trhu

Salvato in:
Dettagli Bibliografici
Autore principale: Piovarčiová, Veronika, 1951-
Natura: Libro
Lingua:slovacco
Pubblicazione: Bratislava Ekonóm 1996
Edizione:1. vyd.
Soggetti:
Tags: Aggiungi Tag
Nessun Tag, puoi essere il primo ad aggiungerne!!

MARC

LEADER 00000nam a2200000 4500
001 c013449
005 20240502071310.6
020 |a 80-225-0753-9 
041 0 |a slo 
044 |a SK 
245 1 0 |a Teórie kapitálu a úroku a mechanizmus fungovania kapitálového trhu  |c Veronika Piovarčiová 
250 |a 1. vyd. 
264 1 |a Bratislava  |b Ekonóm  |c 1996 
300 |a 114 s. [6,324 AH] 
610 2 0 |a trh kapitálový 
610 2 0 |a kapitál 
610 2 0 |a úrok 
610 2 0 |a teórie ekonomické 
610 2 0 |a pohyb kapitálu 
610 2 0 |a trh kapitálový medzinárodný 
610 2 0 |a Slovensko 
100 1 |a Piovarčiová, Veronika, 1951-